000 00766nam a22002294a 4500
001 BIBLIOTECA MUNICIPAL DE BARRANCO
007 ta
008 t pe gr 00| 0 spa d
017 _a96-00770
040 _aBIBLIOTECA MUNICIPAL DE BARRANCO
041 _aspa
043 _cpe
082 _2869.56
_bL83C 1996.
100 _aLópez Solórzano, Flavio, 1930-
245 _aCrónica de un recuento /
_cFlavio López Solórzano.
260 _aLima :
_b [s.n.],
_c1996.
300 _a331 p. ;
_c21 cm.
520 _aCrónicas de un recuento de obras de teatro, poesía, reportajes y noticias de tipo periodístico.
650 0 _96684
_aLiteratos-Perú-Diarios.
650 0 _92773
_aCuentos peruanos - Siglo XX.
942 _cBK
_e2025-02-24
_zAAOH
999 _c10714
_d10714